[Event "Tourn. n9136"]
[Site "www.chess-mail.com"]
[Date "2016.12.17"]
[Round "1"]
[White "Norlavuaram"]
[Black "Jobeye"]
[WhiteElo "2230"]
[BlackElo "2010"]
[Result "1/2-1/2"]
[Round "1"]
1.e4 g6
2.c4 Bf8g7
3.Nb1c3 e6
4.d4 c5
5.Ng1f3 cxd4
6.Nf3xd4 Qd8b6
7.Nd4e2 Nb8c6
8.g3 Nc6d4
9.Bf1g2 Nd4xe2
10.Qd1xe2 Qb6b4
11.O-O Bg7xc3
12.bxc3 Qb4a5
13.f4 f6
14.Qe2d3 Ra8b8
15.Kh1 b6
16.Qd3d6 { draw }
1/2-1/2

[Event "Tourn. n9126"]
[Site "www.chess-mail.com"]
[Date "2016.12.17"]
[Round "1"]
[White "Norlavuaram"]
[Black "B0zata"]
[WhiteElo "2230"]
[BlackElo "2190"]
[Result "0-1"]
[Round "1"]
1.e4 e5
2.Ng1f3 d6
3.d4 Bc8g4
4.dxe5 Bg4xf3
5.gxf3 dxe5
6.Qd1xd8 Kxd8
7.Bf1c4 f6
8.Nb1c3 Bf8b4
9.Bc1d2 c6
10.O-O-O Kc7
11.Rh1g1 g5
12.a3 Bb4c5
13.Bd2e1 Ng8e7
14.h4 h6
15.Nc3a4 Bc5d6
16.Bc4e6 Ne7g6
17.h5 Ng6f4
18.Be6g4 Nf4e2
{ resign }
0-1

[Event "Tourn. n9116"]
[Site "www.chess-mail.com"]
[Date "2016.12.17"]
[Round "1"]
[White "Kampungboy"]
[Black "Jobeye"]
[WhiteElo "2630"]
[BlackElo "2419"]
[Result "1-0"]
[Round "1"]
1.d4 c5
2.Ng1f3 e6
3.e4 g6
4.Nb1c3 Qd8a5
5.d5 d6
6.Nf3g5 exd5
7.Qd1xd5 Ng8h6
8.Bf1b5 Nb8d7
9.Ng5e6 a6
10.Bb5xd7 Kxd7
11.Ne6xf8 Rh8xf8
12.Bc1xh6 Rf8e8
13.Qd5xf7 Re8e7
14.Qf7f4 d5
15.O-O-O d4
16.Nc3d5 Re7e6
17.b4 Qa5xa2
18.Qf4f7 Kd8
19.Bh6g5 { resign }
1-0

[Event "Tourn. n8938"]
[Site "www.chess-mail.com"]
[Date "2016.12.17"]
[Round "1"]
[White "Kampungboy"]
[Black "Giampaolo"]
[WhiteElo "2430"]
[BlackElo "2350"]
[Result "1-0"]
[Round "1"]
1.e4 c6
2.d4 g6
3.Nb1c3 Bf8g7
4.f4 d6
5.Ng1f3 Nb8d7
6.Bc1e3 Ng8f6
7.e5 Nf6g4
8.Be3g1 Nd7b6
9.h3 Ng4h6
10.Bg1f2 Nb6d5
11.Nc3xd5 cxd5
12.Qd1d2 Bc8d7
13.g4 f6
14.exf6 exf6
15.O-O-O Kf7
16.f5 Ra8c8
17.Kb1 Rh8e8
18.fxg6 hxg6
19.Bf1d3 Qd8b6
20.Rd1e1 Bd7b5
21.Nf3h4 Bb5xd3
22.Qd2xd3 g5
23.Nh4f5 Nh6xf5
24.Qd3xf5 Qb6c6
25.h4 gxh4
26.Bf2xh4 Re8e4
27.Re1c1 Rc8h8
28.Bh4xf6 Qc6c8
29.Qf5xd5 Qc8e6
30.Qd5xe6 Re4xe6
31.Rh1xh8 Kxf6
32.Rh8b8 Kg5
33.Rb8xb7 Bg7xd4
34.c3 Bd4b6
35.Rb7g7 Kf6
36.Rg7d7 Kg5
37.Rc1f1 Re6g6
38.b4 Kxg4
39.a4 Kg3
40.a5 Bb6e3
41.Kc2 Kg2
42.Rf1d1 { resign }
1-0

[Event "Tourn. n9070"]
[Site "www.chess-mail.com"]
[Date "2016.12.17"]
[Round "1"]
[White "Roque1"]
[Black "Julian"]
[WhiteElo "1800"]
[BlackElo "1870"]
[Result "0-1"]
[Round "1"]
1.e4 c5
2.Ng1f3 d6
3.d4 cxd4
4.Nf3xd4 Ng8f6
5.Nb1c3 a6
6.Bf1e2 e5
7.Nd4b3 Bc8e6
8.Bc1e3 Bf8e7
9.O-O O-O
10.Qd1d2 b5
11.a3 Nb8d7
12.Ra1d1 Nd7b6
13.Nb3a5 Nb6c4
14.Na5xc4 bxc4
15.Nc3d5 Nf6xe4
16.Nd5xe7 Qd8xe7
17.f3 Ne4xd2
{ resign }
0-1

[Event "Match"]
[Site "www.echecsemail.com"]
[Date "2016.12.17"]
[Round "1"]
[White "Chapi"]
[Black "Jobeye"]
[WhiteElo "2120"]
[BlackElo "2410"]
[Result "0-1"]
[Round "1"]
1.d4 c6
2.c4 e5
3.dxe5 Qd8a5
4.Nb1c3 Qa5xe5
5.Ng1f3 Qe5d6
6.Bc1g5 Qd6xd1
7.Ra1xd1 Bf8b4
8.Rd1d3 f6
9.Bg5d2 Nb8a6
10.a3 Bb4xc3
11.Bd2xc3 Na6c5
12.Rd3e3 Ng8e7
13.g3 d6
14.Bf1g2 Bc8d7
15.O-O Nc5e6
16.Rf1d1 Ne7f5
17.Re3e4 O-O
18.b4 Ne6c7
19.g4 d5
20.cxd5 cxd5
21.Re4f4 Nf5e7
22.e4 Ne7g6
23.Rf4f5 Bd7xf5
24.exf5 Ng6f4
25.Bg2h1 Nf4e2
{ resign }
0-1

[Event "Match"]
[Site "www.echecsemail.com"]
[Date "2016.12.17"]
[Round "1"]
[White "Gimmyg"]
[Black "Jobeye"]
[WhiteElo "2530"]
[BlackElo "2439"]
[Result "1-0"]
[Round "1"]
1.Ng1f3 e6
2.g3 g6
3.c4 c5
4.Nb1c3 d6
5.Bf1g2 a6
6.O-O Nb8c6
7.d4 Bf8g7
8.dxc5 Bg7xc3
9.bxc3 dxc5
10.Qd1xd8 Nc6xd8
11.Bc1e3 b6
12.Ra1b1 Ng8e7
13.Rb1xb6 Nd8c6
14.Nf3d2 Bc8d7
15.Nd2e4 Nc6e5
16.Ne4f6 Kd8
17.Bg2xa8 { resign }
1-0

[Event "Match"]
[Site "www.echecsemail.com"]
[Date "2016.12.17"]
[Round "1"]
[White "Winston"]
[Black "Billyg"]
[WhiteElo "1199"]
[BlackElo "1730"]
[Result "1-0"]
[Round "1"]
1.e4 e5
2.Ng1f3 d6
3.d4 Ng8f6
4.Bf1c4 Nb8c6
5.Nb1c3 Bc8g4
6.d5 Bg4xf3
7.Qd1xf3 Nc6d4
8.Qf3d3 a6
9.h3 Nf6h5
10.g3 b5
11.Bc4b3 b4
12.Nc3e2 Nd4xe2
13.Qd3xe2 Bf8e7
14.Qe2xh5 O-O
15.Bc1d2 c5
16.dxc6 g6
17.Qh5f3 Kg7
18.Bd2xb4 a5
19.Bb4c3 f5
20.Bb3d5 Qd8b6
21.h4 f4
22.gxf4 Rf8xf4
23.Qf3xf4 Be7f6
24.Qf4g4 Ra8a7
25.h5 Kf8
26.hxg6 Ra7g7
27.Rh1xh7 Rg7c7
28.Rh7xc7 Qb6xc7
29.f4 Qc7e7
30.O-O-O Kg7
31.Rd1h1 exf4
32.Rh1h7 { resign }
1-0

[Event "Match"]
[Site "www.echecsemail.com"]
[Date "2016.12.17"]
[Round "1"]
[White "Pappilova"]
[Black "Billyg"]
[WhiteElo "1970"]
[BlackElo "1750"]
[Result "1-0"]
[Round "1"]
1.e4 e6
2.Ng1f3 Ng8f6
3.Nb1c3 d5
4.e5 Nf6d7
5.d4 Bf8b4
6.Bc1d2 f6
7.a3 Bb4a5
8.b4 Ba5b6
9.Bf1e2 fxe5
10.Bd2g5 Nd7f6
11.dxe5 h6
12.Bg5h4 g5
13.Nf3xg5 hxg5
14.Bh4xg5 Nb8d7
15.exf6 Nd7xf6
16.O-O O-O
17.Qd1d3 Qd8e7
18.Bg5h6 Rf8f7
19.Qd3g6 Kh8
20.Bh6g5 Bb6d4
21.Qg6d3 Bd4xc3
22.Qd3xc3 Qe7f8
23.Be2h5 { resign }
1-0

[Event "1/64 Finale"]
[Site "www.chess-mail.com"]
[Date "2016.12.17"]
[Round "1"]
[White "Sandokam"]
[Black "Zeksky"]
[WhiteElo "2220"]
[BlackElo "2009"]
[Result "1-0"]
[Round "1"]
1.e4 e5
2.Ng1f3 Nb8c6
3.c3 Bf8c5
4.d4 exd4
5.cxd4 Bc5b6
6.Bf1c4 d6
7.Nb1c3 h6
8.O-O Qd8f6
9.Nc3d5 Qf6g6
10.Bc4b5 Ng8e7
11.Nd5f4 Qg6f6
12.d5 O-O
13.dxc6 bxc6
14.Bb5d3 Bc8b7
15.Nf4h5 Qf6g6
16.Nf3h4 Qg6e6
17.Nh4f5 Ne7xf5
18.exf5 Qe6d5
19.Bc1xh6 Bb6d4
20.Bh6xg7 Rf8e8
21.Qd1g4 c5
22.Bg7f6  { time }
1-0

[Event "1/64 Finale"]
[Site "www.chess-mail.com"]
[Date "2016.12.17"]
[Round "1"]
[White "Julian"]
[Black "Tonino1"]
[WhiteElo "1990"]
[BlackElo "2030"]
[Result "0-1"]
[Round "1"]
1.e4 c6
2.d4 d5
3.e5 Bc8f5
4.Ng1f3 e6
5.Bc1e3 Qd8b6
6.Qd1c1 h6
7.Nb1d2 Nb8d7
8.c4 Bf8b4
9.c5 Bb4xd2
10.Qc1xd2 Qb6c7
11.b4 Ng8e7
12.Bf1e2 b6
13.cxb6 axb6
14.O-O c5
15.bxc5 bxc5
16.dxc5 O-O
17.Nf3d4 Nd7xe5
18.Nd4xf5 Ne7xf5
19.Be3f4 f6
20.Rf1c1 g5
21.Bf4xe5 Qc7xe5
22.Be2d3 Rf8c8
23.Bd3xf5 Qe5xf5
24.a4 Qf5e5
25.a5 Rc8xc5
26.a6 Qe5c7
27.Rc1xc5 Qc7xc5
28.h4 Qc5b5
29.hxg5 hxg5
30.a7 Qb5b6
31.Qd2e2 Kg7
32.Ra1a6 Qb6b1
33.Kh2 e5
34.Qe2g4 Qb1b7
35.Qg4e6 Qb7f7
36.Qe6xf7 Kxf7
37.Kg3 f5
38.Kf3 d4
39.g4 e4
40.Kg3 f4
41.Kg2 d3
42.Kf1 e3
43.fxe3 fxe3
44.Ra6a3 d2
45.Ke2 Ra8d8
46.Kd1 e2
{ resign }
0-1

[Event "1/128 Finale"]
[Site "www.chess-mail.com"]
[Date "2016.12.17"]
[Round "1"]
[White "Papaours"]
[Black "Jobeye"]
[WhiteElo "2300"]
[BlackElo "2269"]
[Result "1-0"]
[Round "1"]
1.d4 g6
2.e4 Bf8g7
3.Nb1c3 d6
4.Bf1e2 a6
5.h4 Nb8c6
6.Bc1e3 e6
7.h5 e5
8.h6 Bg7f6
9.Ng1f3 exd4
10.Nf3xd4 Nc6xd4
11.Be3xd4 Bf6xd4
12.Qd1xd4 Qd8f6
13.O-O-O Qf6f4
14.Kb1 Qf4e5
15.Qd4xe5 dxe5
16.Nc3d5 Kd7
17.Nd5b6 { resign }
1-0

[Event "Eq:Equipo Juan Diaz-Los Tercios : "]
[Site "www.chess-mail.com"]
[Date "2016.12.17"]
[Round "1"]
[White "Ecijaajedrez"]
[Black "Ericleo1980"]
[WhiteElo "2460"]
[BlackElo "2230"]
[Result "1/2-1/2"]
[Round "1"]
1.d4 d5
2.c4 c6
3.Nb1c3 Ng8f6
4.Ng1f3 e6
5.cxd5 exd5
6.Bc1g5 Bf8d6
7.e3 O-O
8.Bf1d3 Bc8g4
9.Qd1c2 h6
10.Bg5h4 Nb8d7
11.O-O Bg4xf3
12.gxf3 Rf8e8
13.e4 dxe4
14.fxe4 Bd6e7
15.Bh4g3 Nd7f8
16.e5 Nf6d5
17.Nc3xd5 Qd8xd5
18.Bd3c4 { draw }
1/2-1/2

[Event "Eq:Equipo Juan Diaz-Los Tercios : "]
[Site "www.chess-mail.com"]
[Date "2016.12.17"]
[Round "1"]
[White "Ericleo1980"]
[Black "Ecijaajedrez"]
[WhiteElo "2230"]
[BlackElo "2460"]
[Result "1/2-1/2"]
[Round "1"]
1.e4 c5
2.Ng1f3 d6
3.d4 cxd4
4.Nf3xd4 Ng8f6
5.Nb1c3 e6
6.Bc1e3 Nb8c6
7.Bf1c4 a6
8.f3 Bf8e7
9.Bc4b3 O-O
10.Qd1d2 d5
11.exd5 Nf6xd5
12.Nc3xd5 exd5
13.O-O Be7f6
14.Ra1d1 Nc6a5
15.Bb3a4 Na5c4
16.Qd2c1 Qd8a5
17.Ba4b3 Rf8e8
{ draw }
1/2-1/2

[Event "Eq:Nightwish-Equipo Juan Diaz : "]
[Site "www.chess-mail.com"]
[Date "2016.12.17"]
[Round "1"]
[White "4quentin2"]
[Black "Astigitana"]
[WhiteElo "1609"]
[BlackElo "2420"]
[Result "0-1"]
[Round "1"]
1.d4 Ng8f6
2.c4 c5
3.d5 e5
4.Nb1c3 d6
5.e4 Nb8d7
6.Ng1f3 Bf8e7
7.Bf1d3 O-O
 { time }
0-1

[Event "Tourn. n9069"]
[Site "www.chess-mail.com"]
[Date "2016.12.18"]
[Round "1"]
[White "Liencam2"]
[Black "Osopanda"]
[WhiteElo "2290"]
[BlackElo "2050"]
[Result "1-0"]
[Round "1"]
1.e4 c5
2.Ng1f3 d6
3.Nb1c3 e6
4.d4 cxd4
5.Nf3xd4 a6
6.Bc1e3 Ng8f6
7.f3 Bf8e7
8.Qd1d2 O-O
9.O-O-O Qd8c7
10.g4 Nb8c6
11.h4 Nc6xd4
12.Qd2xd4 e5
13.Qd4d2 Bc8e6
14.h5 Rf8d8
15.g5 Nf6d7
16.g6 f5
17.h6 Nd7f6
18.gxh7 Kxh7
19.hxg7 Kxg7
20.Qd2g2 Kf8
21.Qg2g6 f4
22.Rh1h8 Be6g8
23.Bf1h3 d5
24.Bh3e6 { resign }
1-0

[Event "Tourn. n9092"]
[Site "www.chess-mail.com"]
[Date "2016.12.18"]
[Round "1"]
[White "Bojan"]
[Black "Vespertine"]
[WhiteElo "2050"]
[BlackElo "1809"]
[Result "1-0"]
[Round "1"]
1.e4 g6
2.d4 Bf8g7
3.c3 d6
4.f4 e6
5.Qd1f3 f5
6.e5 d5
7.Bc1e3 Nb8c6
8.h4 Ng8h6
9.h5 Qd8e7
10.Be3f2 Nh6g4
11.hxg6 hxg6
12.Rh1xh8 Bg7xh8
13.Qf3h3 Qe7f8
14.Bf2g3 Qf8h6
15.Qh3xh6 Ng4xh6
16.Ng1f3 Bh8g7
17.Nb1d2 Nh6g4
18.Ke2 Bc8d7
19.Nf3h4 Kf7
20.Kd3 Nc6a5
21.b4 Bd7b5
22.Kc2 Ng4e3
23.Kb2 Na5c4
24.Nd2xc4 Ne3xc4
25.Kc1 Nc4a3
26.Bf1xb5 Na3xb5
27.Kb2 c6
28.a4 Nb5c7
29.Nh4f3 Ra8h8
30.Kc2 Rh8h5
31.Bg3h4 Ke8
32.Kd3 Kd7
33.Bh4g5 Bg7h6
34.c4 Bh6xg5
35.fxg5 a6
36.Ra1b1 dxc4
37.Kxc4 Nc7d5
38.g3 Rh5h3
39.Rb1g1 b5
40.axb5 Nd5b6
41.Kc5 axb5
42.Kxb6  { time }
1-0

[Event "Tourn. n9047"]
[Site "www.chess-mail.com"]
[Date "2016.12.18"]
[Round "1"]
[White "Norlavuaram"]
[Black "Comrade"]
[WhiteElo "2180"]
[BlackElo "2260"]
[Result "0-1"]
[Round "1"]
1.e4 c5
2.Ng1f3 Nb8c6
3.Nb1c3 Ng8f6
4.g3 d6
5.Bf1g2 Bc8g4
6.h3 Bg4h5
7.d3 e6
8.O-O Bf8e7
9.g4 Bh5g6
10.Nc3e2 h5
11.g5 Nf6h7
12.h4 e5
13.Nf3h2 f6
14.f4 exf4
15.Ne2xf4 Nc6e5
16.Nf4e6 Qd8d7
17.Ne6xg7 Kf7
18.gxf6 Nh7xf6
19.Ng7f5 Bg6xf5
20.Rf1xf5 Ra8g8
21.Bc1g5 Rg8g6
22.Qd1e2 Qd7d8
23.Ra1f1 Rh8g8
24.Qe2xh5 Kg7
25.Bg5xf6 Be7xf6
26.Qh5e2 Bf6xh4
27.Qe2h5 Rg6h6
28.Qh5e2 Bh4g3
29.Nh2g4 Qd8h4
{ resign }
0-1

[Event "Tourn. n9063"]
[Site "www.chess-mail.com"]
[Date "2016.12.18"]
[Round "1"]
[White "Cernunnoss"]
[Black "Servant"]
[WhiteElo "1700"]
[BlackElo "1690"]
[Result "1-0"]
[Round "1"]
1.e4 c5
2.Ng1f3 Nb8c6
3.d4 cxd4
4.Nf3xd4 e5
5.Nd4b5 d6
6.Nb1c3 a6
7.Nb5a3 Ng8f6
8.Bc1g5 Bf8e7
9.Bg5xf6 Be7xf6
10.Nc3d5  { time }
1-0

[Event "Tourn. n9091"]
[Site "www.chess-mail.com"]
[Date "2016.12.18"]
[Round "1"]
[White "Norlavuaram"]
[Black "Numanoid"]
[WhiteElo "2250"]
[BlackElo "2390"]
[Result "0-1"]
[Round "1"]
1.e4 e6
2.d4 d5
3.Nb1d2 Ng8f6
4.Bf1d3 c5
5.c3 Nb8c6
6.exd5 Qd8xd5
7.Nd2f3 cxd4
8.cxd4 Bf8b4
9.Bc1d2 O-O
10.Ng1e2 e5
11.Bd2xb4 Nc6xb4
12.Bd3b1 Bc8g4
13.Nf3xe5 Qd5xg2
14.Rh1g1 Qg2xg1
15.Ne2xg1 Bg4xd1
16.Kxd1 Rf8d8
17.Ng1f3 Nb4c6
18.Ne5xc6 bxc6
19.Ke2 Rd8e8
20.Kd3 Nf6g4
{ resign }
0-1

[Event "Tourn. n9059"]
[Site "www.chess-mail.com"]
[Date "2016.12.18"]
[Round "1"]
[White "Falcoale"]
[Black "Servant"]
[WhiteElo "1890"]
[BlackElo "1690"]
[Result "1-0"]
[Round "1"]
1.e4 b6
2.Ng1f3 Bc8b7
3.Nb1c3 e6
4.d4 Bf8b4
5.Bc1d2 Ng8f6
6.a3 Bb4xc3
7.Bd2xc3 Nf6xe4
8.Bf1d3 O-O
9.O-O f5
10.Bc3e1 d6
11.Nf3d2 Ne4xd2
12.Qd1xd2  { time }
1-0

[Event "Tourn. n9131"]
[Site "www.chess-mail.com"]
[Date "2016.12.18"]
[Round "1"]
[White "Cristiano"]
[Black "Jobeye"]
[WhiteElo "2160"]
[BlackElo "2010"]
[Result "1-0"]
[Round "1"]
1.e4 b6
2.d4 d5
3.Nb1c3 Bc8b7
4.exd5 Bb7xd5
5.Ng1f3 Ng8f6
6.Nc3xd5 Nf6xd5
7.Nf3e5 e6
8.Bf1b5 Ke7
9.Bb5c6 f6
10.c4 fxe5
11.cxd5 Kf7
12.dxe6 Kxe6
13.Qd1b3 Kd6
14.Qb3d5 { resign }
1-0

[Event "Tourn. n9038"]
[Site "www.chess-mail.com"]
[Date "2016.12.18"]
[Round "1"]
[White "Falcoale"]
[Black "Jackbauer"]
[WhiteElo "1820"]
[BlackElo "1920"]
[Result "1-0"]
[Round "1"]
1.e4 c5
2.Ng1f3 d6
3.b3 Ng8f6
4.d3 Nb8c6
5.Bc1b2 e5
6.Bf1e2 Bf8e7
7.O-O O-O
8.h3 b6
9.Nf3h2 d5
10.f4 d4
11.fxe5 Nc6xe5
12.Nb1d2 Be7d6
13.Nd2f3 h6
14.Nf3xe5 Bd6xe5
15.Nh2g4 Rf8e8
16.Ng4xe5 Re8xe5
17.Bb2c1 g5
18.Bc1b2 a5
19.c3 Qd8d7
20.cxd4 cxd4
21.Rf1xf6 Bc8b7
22.Be2h5 Ra8f8
23.Rf6xh6 Qd7d8
24.Bh5g4 Kg7
25.Rh6h5 f6
26.Bg4f5 Rf8h8
27.Rh5xh8 Qd8xh8
28.Bb2xd4 Re5e8
29.Ra1c1 b5
30.Rc1c7 Kh6
31.Rc7f7 Qh8g8
32.Rf7h7 Qg8xh7
33.Bf5xh7 Kg7
34.Bh7f5 Bb7c8
35.Qd1h5 { resign }
1-0

[Event "Tourn. n9029"]
[Site "www.chess-mail.com"]
[Date "2016.12.18"]
[Round "1"]
[White "Cal"]
[Black "Falcoale"]
[WhiteElo "1700"]
[BlackElo "1750"]
[Result "0-1"]
[Round "1"]
1.c4 Ng8f6
2.d4 e6
3.a3 b6
4.Nb1c3 Bc8b7
5.h3 Bf8e7
6.f3 O-O
7.e3 d5
8.b3 c6
9.Bf1d3 Nb8d7
10.Ng1e2 e5
11.O-O Rf8e8
12.dxe5 Nd7xe5
13.Bd3f5 Bb7c8
14.Bf5xc8 Ra8xc8
15.cxd5 Nf6xd5
16.Nc3e4 Nd5f6
17.Qd1c2 Nf6xe4
18.Rf1d1 Ne4d6
19.Bc1b2 Ne5g6
20.e4 Qd8c7
21.Bb2d4 c5
22.Bd4e3 Be7f6
23.Ne2g3 Bf6xa1
24.Rd1xa1 Nd6b5
25.a4 Nb5d6
26.b4 c4
27.Qc2c3 b5
28.axb5 Nd6xb5
29.Qc3c2 Re8d8
30.Ng3f5 Ng6e5
31.Be3f4 Rd8e8
32.h4 Qc7d7
33.Bf4g3 g6
34.Ra1a5 Nb5d4
35.Qc2d1 Nd4xf3
36.gxf3 Qd7xd1
37.Kh2 Ne5xf3
38.Kh3 Re8xe4
39.Nf5h6 Kg7
40.Nh6g4 Nf3g1
41.Kg2 Re4xg4
42.Kf2 c3
43.Bg3e5 Kg8
44.Ra5a2 Qd1f3
45.Ke1 Rg4e4
46.Ra2e2 Qf3xe2
{ resign }
0-1

[Event "Tourn. n9136"]
[Site "www.chess-mail.com"]
[Date "2016.12.18"]
[Round "1"]
[White "Jobeye"]
[Black "Bojan"]
[WhiteElo "1990"]
[BlackElo "2010"]
[Result "0-1"]
[Round "1"]
1.d4 g6
2.Ng1f3 Bf8g7
3.e4 Nb8c6
4.Nb1c3 d6
5.Bc1e3 Bc8g4
6.Bf1e2 a6
7.a3 e5
8.d5 Nc6a7
9.a4 Ng8e7
10.b4 f5
11.Nf3d2 Bg4xe2
12.Qd1xe2 c6
13.f3 f4
14.Be3f2 cxd5
15.exd5 Bg7f6
16.Nd2e4 Bf6g7
17.Ne4g5 Qd8d7
18.Ng5e6 Bg7f6
19.Bf2b6 Na7c8
20.Ne6c7 Kf7
21.Nc7xa8 Ne7f5
22.Bb6f2 Rh8e8
23.Nc3e4 Nf5d4
24.Qe2c4 Bf6d8
25.a5 b5
26.axb6 Nc8xb6
27.Na8xb6 Bd8xb6
28.Ne4g5 Kg8
29.Ra1xa6 Re8c8
30.Qc4f1 Rc8xc2
31.Ra6a8 Kg7
32.Qf1a6 Nd4xf3
33.Ng5xf3 Bb6xf2
34.Kd1 Qd7f5
35.Qa6b7 Kh6
36.Ra8a3 Rc2b2
37.Nf3d2 Qf5c2
38.Ke2 Qc2xd2
39.Kf3 Qd2e2
{ resign }
0-1

[Event "Tourn. n9043"]
[Site "www.chess-mail.com"]
[Date "2016.12.18"]
[Round "1"]
[White "Norlavuaram"]
[Black "Fabos12"]
[WhiteElo "2240"]
[BlackElo "2110"]
[Result "1-0"]
[Round "1"]
1.e4 e5
2.Ng1f3 Nb8c6
3.Bf1b5 a6
4.Bb5a4 b5
5.Ba4b3 h6
6.c3 Ng8f6
7.d3 Bc8b7
8.O-O Bf8c5
9.d4 exd4
10.cxd4 Bc5a7
11.Rf1e1 Qd8e7
12.Nb1c3 O-O-O
13.e5 Nf6g8
14.d5 Nc6b8
15.d6 cxd6
16.exd6 Qe7f6
17.Nc3d5 Bb7xd5
18.Bb3xd5 Nb8c6
19.Bd5b3 Ba7b8
20.Bc1e3 Bb8xd6
21.Ra1c1 Bd6f4
22.Be3d4 Qf6g6
23.Rc1c2 Ng8e7
24.Re1xe7 Bf4xh2
25.Kxh2 Qg6d6
26.Re7e5 Rd8e8
27.Kg1 Re8xe5
28.Nf3xe5 Rh8f8
29.Ne5xc6 dxc6
30.Rc2c1 Kb7
31.Bd4xg7 Rf8d8
32.Qd1xd6 Rd8xd6
33.Bg7e5 Rd6d2
34.Bb3xf7 Rd2e2
35.Be5f4 Re2xb2
36.Bf4xh6 { resign }
1-0

[Event "Tourn. n8923"]
[Site "www.chess-mail.com"]
[Date "2016.12.18"]
[Round "1"]
[White "Wwgia"]
[Black "Hundegana"]
[WhiteElo "2060"]
[BlackElo "1980"]
[Result "1-0"]
[Round "1"]
1.b3 e5
2.Bc1b2 f6
3.f4 d6
4.e4 c5
5.fxe5 dxe5
6.Ng1f3 a6
7.Nf3xe5 fxe5
8.Qd1h5 Kd7
9.Bb2xe5 Qd8e7
10.Bf1e2 Kc6
11.O-O Kb6
12.Nb1c3 Ka7
13.Rf1f7 Qe7d8
14.a4 Ng8f6
15.Nc3b5 axb5
16.axb5 Kb6
17.Rf7xf6 gxf6
18.Ra1xa8 fxe5
19.Qh5xe5 Qd8d4
20.Qe5xd4 cxd4
21.Ra8xb8 Bf8h6
22.Be2g4 Kc7
23.Rb8a8 Rh8f8
24.b6 Kxb6
25.Ra8xc8 Rf8xc8
26.Bg4xc8 Bh6xd2
27.Kf2 Kc7
28.Bc8f5 h6
29.Ke2 Bd2c3
30.g4 Kd6
31.h4 Ke7
32.Kd3 b5
33.e5 Kf7
34.Ke4 b4
35.Kd5 Ke7
36.g5 hxg5
37.h5 Kf7
38.h6 g4
39.e6 Ke7
40.h7 d3
41.cxd3 Bc3f6
42.Bf5xg4 Kf8
43.Bg4h5 Kg7
44.Kd6 Kxh7
45.e7 Bf6xe7
46.Kxe7 Kh6
47.d4 Kxh5
48.d5 Kg5
49.d6 Kf5
50.d7 Ke4
51.d8Q Ke3
52.Ke6 Ke4
53.Qd8d2 Kf3
54.Kf5 Kg3
55.Qd2e2 Kh3
56.Qe2g4 Kh2
57.Kf4 Kh1
58.Kf3 Kh2
59.Qg4g2 { resign }
1-0

[Event "Tourn. n9035"]
[Site "www.chess-mail.com"]
[Date "2016.12.18"]
[Round "1"]
[White "Falcoale"]
[Black "Roque1"]
[WhiteElo "1860"]
[BlackElo "1670"]
[Result "1-0"]
[Round "1"]
1.e4 c5
2.Ng1f3 e6
3.Bf1c4 Nb8c6
4.O-O Ng8f6
5.d3 d5
6.exd5 exd5
7.Bc4b5 Bc8d7
8.Bc1g5 Bf8e7
9.Nb1c3 O-O
10.Ra1b1 Nc6b4
11.a3 Nb4c6
12.Rf1e1 a6
13.Bb5xc6 Bd7xc6
14.Nf3e5 d4
15.Ne5xc6 bxc6
16.Nc3e4 Nf6xe4
17.Bg5xe7 Qd8xe7
18.Re1xe4 Qe7d6
19.Qd1f3 g6
20.Rb1e1 Ra8b8
21.b3 c4
22.dxc4 Qd6xa3
23.Re4xd4 Qa3b2
24.Qf3d3 Rf8e8
25.Re1d1 Re8e6
26.c5 Rb8e8
27.h3 Qb2a3
28.b4 Qa3xd3
29.Rd4xd3 Re6e2
30.c3 Kg7
31.Rd3d6 Re8c8
32.Rd1a1 Re2c2
33.Ra1xa6 Rc2xc3
34.Rd6xc6 Rc8e8
35.b5 Re8e5
36.b6 Re5xc5
37.Rc6xc5 Rc3xc5
38.b7 Rc5b5
39.Ra6a7 Kf6
40.f3 Ke6
41.Kf2 Kd7
42.b8Q { resign }
1-0

[Event "Tourn. n9089"]
[Site "www.chess-mail.com"]
[Date "2016.12.18"]
[Round "1"]
[White "Sarikayali"]
[Black "Autmich"]
[WhiteElo "1119"]
[BlackElo "999"]
[Result "0-1"]
[Round "1"]
1.d4 Ng8f6
2.Ng1f3 d5
3.e3 e6
4.Bf1d3 c5
5.b3 Nb8c6
6.O-O Bf8e7
7.Bc1b2 O-O
8.dxc5 Be7xc5
9.Nb1d2 Rf8e8
 { time }
0-1

[Event "Tourn. n9016"]
[Site "www.chess-mail.com"]
[Date "2016.12.18"]
[Round "1"]
[White "Zeksky"]
[Black "Gilliere"]
[WhiteElo "2009"]
[BlackElo "2040"]
[Result "0-1"]
[Round "1"]
1.e4 c5
2.Ng1f3 d6
3.Bf1c4 e6
4.O-O Ng8f6
5.Rf1e1 Nb8c6
6.c3 a6
7.a3 Bf8e7
8.d4 cxd4
9.cxd4 b5
10.Bc4a2 d5
11.e5 Nf6d7
12.Bc1f4 g5
13.Bf4e3 h6
14.h3 f5
15.Nb1c3 f4
16.Be3d2 Qd8b6
17.Nc3e2 Bc8b7
18.Ra1c1 O-O-O
19.Qd1c2 Kb8
20.Qc2g6 Nc6a5
21.Bd2xa5 Qb6xa5
22.Qg6xe6 Be7f8
23.Ba2xd5 Bb7xd5
 { time }
0-1

[Event "Tourn. n9063"]
[Site "www.chess-mail.com"]
[Date "2016.12.18"]
[Round "1"]
[White "Servant"]
[Black "Mao"]
[WhiteElo "1690"]
[BlackElo "1940"]
[Result "0-1"]
[Round "1"]
1.e4 c5
2.Ng1f3 d6
3.Bf1b5 Bc8d7
4.Bb5xd7 Qd8xd7
5.O-O g6
6.d4 cxd4
7.Nf3xd4 Bf8g7
8.c4 Nb8c6
9.Bc1e3 Ng8f6
10.Nb1c3 O-O
11.f3 Ra8c8
12.Nd4xc6 Qd7xc6
13.b3 Nf6g4
14.Be3d4 Bg7xd4
 { time }
0-1

[Event "Tourn. n9009"]
[Site "www.chess-mail.com"]
[Date "2016.12.18"]
[Round "1"]
[White "Fabos12"]
[Black "Norlavuaram"]
[WhiteElo "2110"]
[BlackElo "2220"]
[Result "0-1"]
[Round "1"]
1.d4 Ng8f6
2.c4 g6
3.Nb1c3 Bf8g7
4.e4 d6
5.Ng1f3 O-O
6.Bf1d3 e5
7.d5 Nb8d7
8.Bc1g5 h6
9.Bg5xf6 Nd7xf6
10.O-O Nf6h5
11.Nc3e2 f5
12.Ne2g3 Nh5f4
13.Bd3c2 g5
14.Ng3xf5 g4
15.Nf3h4 Qd8g5
16.f3 h5
17.fxg4 hxg4
18.g3 Nf4h3
19.Kh1 Bg7f6
20.Bc2d3 Bc8d7
21.Bd3e2 Bd7xf5
22.Rf1xf5 Qg5e3
23.Be2xg4 Nh3f2
24.Rf5xf2 Qe3xf2
25.Qd1e2 Bf6xh4
26.Bg4e6 Kh8
27.Qe2h5 Kg7
28.gxh4 Qf2f3
29.Qh5xf3 Rf8xf3
30.Ra1g1 Kh7
31.Be6f5 Kh8
32.Rg1g3 Rf3f4
33.h5 Ra8g8
34.Kg2 Rf4h4
35.Rg3xg8 Kxg8
36.Bf5g6 Kg7
37.Kg3 Rh4f4
38.h4 Kh6
39.Bg6e8 Rf4xe4
40.b3 b6
41.Be8g6 Re4e2
42.Bg6b1 Re2b2
43.Bb1e4 Rb2xa2
44.Be4f3 Ra2b2
45.Bf3d1 Rb2d2
{ resign }
0-1

[Event "Tourn. n9102"]
[Site "www.chess-mail.com"]
[Date "2016.12.18"]
[Round "1"]
[White "Madz123456"]
[Black "Lachouette"]
[WhiteElo "1500"]
[BlackElo "1670"]
[Result "1-0"]
[Round "1"]
1.Ng1f3 d5
2.c4 dxc4
3.Nb1a3 Bc8e6
4.e4 Qd8d7
5.Na3xc4 Nb8c6
6.d4 O-O-O
7.d5 Be6g4
8.Bc1e3 e6
9.dxc6 Qd7xc6
10.Qd1b3 Bg4xf3
11.gxf3 Ng8f6
12.Nc4a5 Qc6d6
13.Qb3xb7 Kd7
14.Bf1b5 Ke7
15.Na5c6 Ke8
16.Nc6xd8 Kxd8
17.Ra1d1 Qd6xd1
18.Kxd1 Bf8d6
19.Qb7a8 Ke7
20.Qa8xh8 g6
21.Be3g5 Bd6e5
22.Qh8e8 Kd6
23.Qe8f8 { resign }
1-0

[Event "Tourn. n9036"]
[Site "www.chess-mail.com"]
[Date "2016.12.18"]
[Round "1"]
[White "Autmich"]
[Black "Madz123456"]
[WhiteElo "999"]
[BlackElo "1450"]
[Result "0-1"]
[Round "1"]
1.e4 c5
2.Ng1f3 d6
3.d4 cxd4
4.Nf3xd4 Ng8f6
5.Nb1c3 g6
6.Bc1e3 Bf8g7
7.Qd1d2 Nf6g4
8.Be3g5 h6
9.Bg5h4 Nb8c6
10.Nd4b3 Bc8e6
11.O-O-O a5
12.f3 a4
13.Nb3a1 a3
14.fxg4 axb2
15.Kxb2 Ra8xa2
16.Kb1 Qd8a5
17.Na1b3 Be6xb3
18.Qd2d3 Ra2a1
19.Kb2 Qa5a2
{ resign }
0-1

[Event "Tourn. n9017"]
[Site "www.chess-mail.com"]
[Date "2016.12.18"]
[Round "1"]
[White "Cal"]
[Black "Passaroa25"]
[WhiteElo "1610"]
[BlackElo "1510"]
[Result "0-1"]
[Round "1"]
1.e4 c6
2.d4 d6
3.h3 Ng8f6
4.Nb1c3 g6
5.Ng1f3 h5
6.Bf1c4 Bc8e6
7.a3 Be6xc4
8.b3 Bc4e6
9.O-O Bf8g7
10.e5 Nf6d5
11.Bc1b2 O-O
12.Nc3e4 Bg7h6
13.exd6 exd6
14.c4 Nd5f4
15.Qd1d2 Nb8d7
16.Qd2b4 Nf4e2
17.Kh1 Nd7b6
18.d5 cxd5
19.cxd5 Be6xd5
20.Ne4xd6 Qd8d7
21.Nf3e5 Bd5xg2
22.Kxg2 Qd7c7
23.Rf1d1 Ne2f4
24.Kh2 Nb6d5
25.Qb4d4 Qc7xd6
26.Ne5c4 Nf4e2
27.Qd4e5 Bh6f4
28.Qe5xf4 Ne2xf4
29.Bb2e5 Qd6d8
30.Be5xf4 Qd8h4
31.Bf4g3 Qh4e4
32.Nc4d6 Qe4e6
33.Nd6xb7 Nd5c3
34.Rd1d6 Qe6c8
35.Bg3e5 Qc8xb7
36.b4 Nc3b5
37.Rd6d3 Qb7e4
38.Rd3e3 Qe4c2
39.Be5g3 Nb5d4
40.Ra1e1 Qc2d2
41.Bg3f4 Qd2xf2
42.Kh1 Nd4c2
43.Bf4g3 Qf2d2
44.Re3e2 Qd2d5
45.Kh2 Nc2xe1
46.Re2xe1 Qd5a2
47.Kg1 Qa2xa3
48.Bg3d6 Rf8d8
49.Bd6c5 Qa3g3
50.Kf1 Qg3xh3
51.Kg1 Rd8e8
52.Re1xe8 Ra8xe8
{ resign }
0-1

[Event "Match"]
[Site "www.echecsemail.com"]
[Date "2016.12.18"]
[Round "1"]
[White "Jobeye"]
[Black "Krystek23"]
[WhiteElo "2439"]
[BlackElo "2330"]
[Result "0-1"]
[Round "1"]
1.g4 d5
2.Bf1g2 c6
3.e4 e5
4.d4 dxe4
5.Bg2xe4 exd4
6.Bc1f4 Ng8f6
7.Bf4xb8 Ra8xb8
8.Qd1e2 Bf8b4
9.c3 O-O
10.Qe2d3 Rf8e8
11.cxb4 Nf6xe4
12.Ng1e2 Bc8xg4
13.f3 Qd8h4
14.Ne2g3 Ne4xg3
15.Kd1 Ng3xh1
{ resign }
0-1